000 01281cam a2200325 a 4500
001 12743957
003 ARRUPE
005 20150131020005.0
008 020417s2002 enka b 001 0 eng
010 _a 2002280152
015 _aGBA2-18860
020 _a0192802593
035 _a(OCoLC)ocm49298132
040 _aUKM
_cUKM
_dDLC
042 _alccopycat
050 0 0 _aB3114
_b.J33 2002
100 1 _aJanaway, Christopher.
_95721
245 1 0 _aSchopenhauer :
_ba very short introduction /
_cChristopher Janaway.
260 _aOxford ;
_aNew York :
_bOxford University Press,
_c2002.
300 _a137 p. :
_bill. ;
_c18 cm.
440 0 _aVery short introductions ;
_v62
_95722
504 _aIncludes bibliographical references (p. 129-131) and index.
600 1 0 _aSchopenhauer, Arthur,
_d1788-1860.
_95723
856 4 2 _3Publisher description
_uhttp://www.loc.gov/catdir/enhancements/fy0613/2002280152-d.html
856 4 1 _3Table of contents only
_uhttp://www.loc.gov/catdir/enhancements/fy0613/2002280152-t.html
856 4 2 _3Contributor biographical information
_uhttp://www.loc.gov/catdir/enhancements/fy0724/2002280152-b.html
906 _a7
_bcbc
_ccopycat
_d2
_encip
_f20
_gy-gencatlg
942 _2lcc
_cMONOGRAPH
_02
999 _c119269
_d119269